|
|
|
|
| LEADER |
00869cam a2200217 7i4500 |
| 001 |
0000037471 |
| 005 |
20170511090000.0 |
| 008 |
110309 eng |
| 020 |
|
|
|a 9780470131329 (hbk.)
|
| 090 |
0 |
0 |
|a LB1028
|b .S54 2010
|
| 100 |
1 |
|
|a Springer, Ken
|
| 245 |
1 |
0 |
|a Educational research :
|b a contextual approach
|c Ken Springer.
|
| 260 |
|
|
|a Hoboken, N.J.:
|b John Wiley & Sons,
|c 2010.
|
| 300 |
|
|
|a xxii, 566 p.:
|b ill.;
|c 26 cm.
|
| 504 |
|
|
|a Includes bibliographical references and index
|
| 650 |
0 |
0 |
|a Education --
|x Research --
|x Methodology
|
| 997 |
|
|
|a Education & Social Sciences, Faculty
|b Education, Department
|
| 998 |
|
|
|a Doctor of Education (Ed. D)
|
| 999 |
|
|
|a 0000048430
|b BOK
|c OPEN SHELF
|e 1st Floor, Bestari Jaya
|
| 999 |
|
|
|a 0000048431
|b BOK
|c OPEN SHELF
|e 1st Floor, Bestari Jaya
|
| 999 |
|
|
|a 0000048432
|b BOK
|c OPEN SHELF
|e 1st Floor, Bestari Jaya
|